Caserme di donne : romanzo /

সংরক্ষণ করুন:
গ্রন্থ-পঞ্জীর বিবরন
প্রধান লেখক: Torres, Tereska
বিন্যাস: গ্রন্থ
ভাষা:ইতালিয়
প্রকাশিত: Milano : Corticelli, 1956
মালা:La ruota ; 1
ট্যাগগুলো: ট্যাগ যুক্ত করুন
কোনো ট্যাগ নেই, প্রথমজন হিসাবে ট্যাগ করুন!

MARC

LEADER 00000nam a22000007i 4500
001 IT\ICCU\LEK\0013314
003 ItRI
005 20250701113036.0
008 131009s1956 it |||||| ||||| |||||c
040 |b ita  |c Arcigay Genova 
041 7 |a ita  |2 ISO-639-2 
100 1 |a Torres, Tereska  |0 IT\ICCU\SBLV\079610 
240 1 0 |a Women's Barracks  |9 Torres, Tereska 
245 1 0 |a Caserme di donne :  |b romanzo /  |c Tereska Torres. 
260 |a Milano :  |b Corticelli,  |c 1956 
300 |a 270 p. ;  |c 21 cm 
830 3 |a La ruota ;  |v 1  |0 IT\ICCU\UM1\0035357 
942 |2 ddc  |c BK 
952 |0 0  |1 0  |2 ddc  |4 1  |6 B_LNR02TORTECAS11  |7 1  |9 4408  |a MI  |b MI  |d 2005-03-25  |i 40  |l 0  |o B-LNR02-TORTE-CAS11  |p CDOM40  |r 2025-06-30 17:39:54  |w 2025-06-30  |x ACQUISTO  |y BK 
981 1 |6 z01  |a i   |b xxxe  
982 1 |6 z01  |a n 
999 |c 3422  |d 3422